01214nam a2200301 i 4500001000700000003000900007005001700016007000300033008004100036020001800077080002800095080002700123100004000150245013700190260003300327300002900360490005400389500004300443500005900486504002600545610005700571610005400628700004800682852003300730942000800763999001900771952012200790128277ES-MaACL20250912063051.0t|070628s1978 sp ||||1| fre d a84-241-4766-9 a726.52(460.357 G.)(036) a726.6(460.357 G.)(036)1 aPita Andrade, José Manuel.99239413aLa Chapelle Royale et la Cathedrale de Grenade / cpar José Manuel Pita Andrade ; avec la colabotation de José Álvarez Lopera. aMadrid : bEverest, c[1978] a95 p. : bil. ; c25 cm.1 aColección ibérica (Editorial Everest)9175605 aBiblioteca Jacinto Martínez Lacalle. aTít. de la cub.: Capilla Real y Catedral de Granada. aBibliografía: p.95.27aCapilla Real (Granada)-vGuías turísticas.9243527aCatedral de Granada-vGuías turísticas.925151 aÁlvarez Lopera, José,d1950-2008920857 aES-MaACLjE-11777 bR.139749 2udc c128277d128277 00104070aATENEOMbATENEOMcDEPO2d2008-01-17eSCl0oE-11777p1133603r2023-02-23 00:00:00w2023-02-23yMONOGRAFIA